| 000 | 00685nam a22002177a 4500 | ||
|---|---|---|---|
| 005 | 20250522162851.0 | ||
| 008 | 250522b |||||||| |||| 00| 0 eng d | ||
| 020 | _a978-1-350-32294-3 (pbk) | ||
| 037 | _cTB | ||
| 040 |
_aAL _cAL |
||
| 041 |
_2eng _aeng |
||
| 084 |
_aW:511 R4 _qAL |
||
| 100 | _aBlackford, Russell | ||
| 245 |
_aHow we became post - liberal: _bThe rise and fall of toleration |
||
| 260 |
_aLondon, UK: _bBloomsbury, _c2024. |
||
| 300 | _ax, 257p. | ||
| 650 | _aPolitical Science | ||
| 650 | _aLiberalism | ||
| 942 |
_2CC _cTB _hW:511 R4 _n0 |
||
| 999 |
_c1430925 _d1430925 |
||